000 02614cam a22003738i 4500
001 21660442
003 OSt
005 20230916114028.0
008 200811s2021 enk b 001 0 eng
010 _a 2020034378
020 _a9780367028664
_q(hardback)
020 _a9780367028695
_q(paperback)
020 _z9780429019227
_q(ebook)
040 _aDLC
_beng
_erda
_cDLC
042 _apcc
050 0 0 _aRD97
_b.P788 2021
082 0 0 _a617.1027
_bGLE/P
245 0 4 _aThe psychology of sport injury :
_bfrom risk to retirement /
_cedited by Adam Gledhill, Dale Forsdyke.
263 _a2012
264 1 _aMilton Park, Abingdon, Oxon ;
_aNew York, NY :
_bRoutledge,
_c2021.
300 _a220 pages
336 _atext
_btxt
_2rdacontent
337 _aunmediated
_bn
_2rdamedia
338 _avolume
_bnc
_2rdacarrier
504 _aIncludes bibliographical references and index.
520 _a"The Psychology of Sports Injury: From Risk to Retirement provides a critical overview of the psychology of sports injury, covering the 5Rs of sports injury: risk, response, rehabilitation, return to sport, and retirement. Drawing on a range of expert international perspectives from the fields of sport psychology and sport and exercise medicine, The Psychology of Sports Injury covers the psychological considerations associated with sports injuries, prior to the onset of injury through to supporting athletes with post-injury retirement. In addition to this injury lifespan perspective, the book features special interest topics including anterior cruciate ligament injury, sport-related concussion, spinal cord injury and the role of coaches in achieving athlete and team medical outcomes. Additionally, case studies provide the opportunity to apply learning from each chapter. By covering the sports injury journey from risk factors to retirement and including athlete mental health during sports injury, The Psychology of Sports Injury is an essential text for students, instructors, and practitioners in sports psychology, sport and exercise medicine, and other related fields"--
_cProvided by publisher.
650 0 _aSports injuries
_xPsychological aspects.
700 1 _aGledhill, Adam,
_eeditor.
700 1 _aForsdyke, Dale,
_eeditor.
776 0 8 _iOnline version:
_tThe psychology of sport injury
_dMilton Park, Abingdon, Oxon ; New York, NY : Routledge, 2021.
_z9780429019227
_w(DLC) 2020034379
906 _a7
_bcbc
_corignew
_d1
_eecip
_f20
_gy-gencatlg
942 _2ddc
_cBK
_h617.1027
_iGLE/P
_k617.1027
_mGLE/P
999 _c42451
_d42451